[Event "Pardubice Czech op-C 32nd"]
[Site "Pardubice"]
[Date "2021.07.30"]
[Round "8"]
[White "Jouza, Petr"]
[Black "Zrubek, Adam"]
[Result "1/2-1/2"]
[WhiteElo "1647"]
[BlackElo "1351"]
[PlyCount "133"]
[EventDate "2021.07.24"]
[EventType "swiss"]
[EventRounds "9"]
[EventCountry "CZE"]
[SourceTitle "EXT 2022"]
[Source "ChessBase"]
[SourceDate "2021.10.06"]
[SourceVersion "1"]
[SourceVersionDate "2021.10.06"]
[SourceQuality "1"]

1. e4 c5 2. Nf3 d6 3. Bb5+ Bd7 4. Bxd7+ Qxd7 5. 0-0 g6 6. d4 cxd4 7. Qxd4 Nf6 8. e5 dxe5 9. Qxe5 Nc6 10. Qe2 Bg7 11. Nc3 e6 12. Ne4 0-0 13. Nxf6+ Bxf6 14. c3 Rad8 15. Bh6 Bg7 16. Bg5 Qd3 17. Qxd3 Rxd3 18. Rad1 Rxd1 19. Rxd1 f6 20. Be3 b6 21. Kf1 Rd8 22. Rxd8+ Nxd8 23. Ke2 Kf7 24. Nd4 e5 25. Nb5 Nc6 26. b3 f5 27. f3 Ke6 28. Kd3 Bf8 29. b4 Kd7 30. Kc4 a6 31. Na3 b5+ 32. Kd3 Ke6 33. Nc2 Kd5 34. Bg5 e4+ 35. fxe4+ fxe4+ 36. Kd2 Bg7 37. Ne3+ Ke6 38. Bf4 Ne7 39. c4 bxc4 40. Nxc4 Nd5 41. Bd6 Bc3+ 42. Ke2 Nxb4 43. Bxb4 Bxb4 44. Ke3 Kf5 45. Ke2 Bc5 46. Nd2 e3 47. Nc4 Ke4 48. Na5 Bb4 49. Nb3 g5 50. Na1 h6 51. Nc2 Bc5 52. g3 h5 53. h3 a5 54. Ne1 Kd4 55. Nf3+ Kc3 56. Nxg5 Kb2 57. Ne4 Bb6 58. g4 hxg4 59. hxg4 Kxa2 60. Nc3+ Kb3 61. Kd3 Bd8 62. Ne4 Bb6 63. g5 Kb2 64. g6 Bd4 65. Nd6 a4 66. Nb5 Bg7 67. Kxe3 1/2-1/2

[Event "Pardubice Czech op-C 32nd"]
[Site "Pardubice"]
[Date "2021.07.27"]
[Round "5"]
[White "Starosciak, Adrian"]
[Black "Jouza, Petr"]
[Result "1/2-1/2"]
[WhiteElo "1419"]
[BlackElo "1647"]
[PlyCount "67"]
[EventDate "2021.07.24"]
[EventType "swiss"]
[EventRounds "9"]
[EventCountry "CZE"]
[SourceTitle "EXT 2022"]
[Source "ChessBase"]
[SourceDate "2021.10.06"]
[SourceVersion "1"]
[SourceVersionDate "2021.10.06"]
[SourceQuality "1"]

1. e4 e5 2. Nf3 Nc6 3. Bb5 a6 4. Ba4 Bc5 5. Nc3 d6 6. d3 h6 7. Be3 Bxe3 8. fxe3 Nge7 9. d4 0-0 10. Bb3 Bg4 11. 0-0 Na5 12. dxe5 Nxb3 13. axb3 Bxf3 14. Qxf3 dxe5 15. Rad1 Qe8 16. Qg3 f6 17. Nd5 Nxd5 18. exd5 c6 19. c4 cxd5 20. Rxd5 Qe7 21. e4 Rad8 22. Rfd1 Rxd5 23. Rxd5 Rd8 24. Qc3 b6 25. Kf2 Kf7 26. b4 Qc7 27. c5 b5 28. Qa3 Rxd5 29. Qb3 Qd7 30. Qxd5+ Qxd5 31. exd5 Ke7 32. Kf3 f5 33. g4 g6 34. h4 1/2-1/2

[Event "Pardubice Czech op-D 29th"]
[Site "Pardubice"]
[Date "2018.07.26"]
[Round "7"]
[White "Shatkovskaia, Elizaveta"]
[Black "Jouza, Petr"]
[Result "0-1"]
[WhiteElo "1341"]
[BlackElo "1674"]
[PlyCount "124"]
[EventDate "2018.07.21"]
[EventType "swiss"]
[EventRounds "9"]
[EventCountry "CZE"]
[SourceTitle "CBM 186 Extra"]
[Source "ChessBase"]
[SourceDate "2018.08.24"]
[SourceVersion "1"]
[SourceVersionDate "2018.08.24"]
[SourceQuality "1"]

1. d4 d5 2. c4 c6 3. Nf3 Nf6 4. Nc3 g6 5. g3 Bg7 6. Bg2 0-0 7. 0-0 dxc4 8. e4 Bg4 9. Be3 Re8 10. Qc2 Bxf3 11. Bxf3 e6 12. Rad1 Nbd7 13. Na4 b5 14. Nc3 Nb6 15. Rd2 Qe7 16. Bg5 h6 17. Bf4 a6 18. Bg2 Rac8 19. Re2 Nfd7 20. Qd2 e5 21. dxe5 Nxe5 22. Bxh6 Bxh6 23. Qxh6 b4 24. Nd1 Rcd8 25. Qe3 c5 26. h4 Rd3 27. Qh6 Qf6 28. Bh3 Red8 29. Ne3 Qg7 30. Qxg7+ Kxg7 31. f4 Nc6 32. f5 Nd4 33. f6+ Kh7 34. Ree1 Rd2 35. Rf2 Nc6 36. Bf1 Ne5 37. Ree2 Rxe2 38. Rxe2 Rd6 39. Rc2 Nf3+ 40. Kh1 Rd2 41. Rxd2 Nxd2 42. Bg2 Nd7 43. Nd5 a5 44. Kg1 Nb1 45. Bf1 Ne5 46. Be2 Nd2 47. Nb6 c3 48. bxc3 bxc3 49. Bd1 Nxe4 50. Nd5 c4 51. Kg2 Nd3 52. Ne3 Nb2 53. Be2 Nxf6 54. Kf3 Kh6 55. g4 Kg7 56. Kf4 Nd3+ 57. Kf3 Ne1+ 58. Kf4 c2 59. Nxc2 Nxc2 60. Kf3 Nb4 61. a3 c3 62. axb4 c2 0-1

[Event "Pardubice Czech op-D 28th"]
[Site "Pardubice"]
[Date "2017.07.23"]
[Round "2"]
[White "Paqarizi, Endrit"]
[Black "Jouza, Petr"]
[Result "1/2-1/2"]
[WhiteElo "1420"]
[BlackElo "1672"]
[PlyCount "112"]
[EventDate "2017.07.22"]
[EventType "swiss"]
[EventRounds "9"]
[EventCountry "CZE"]
[SourceTitle "CBM 179 Extra"]
[Source "ChessBase"]
[SourceDate "2017.08.23"]
[SourceVersion "1"]
[SourceVersionDate "2017.08.23"]
[SourceQuality "1"]

1. e4 e5 2. Nf3 Nc6 3. Bc4 Bc5 4. d3 h6 5. Bd2 Nf6 6. Nc3 d6 7. Nd5 0-0 8. 0-0 Bg4 9. c3 a6 10. a4 Rb8 11. a5 Nxd5 12. exd5 Ne7 13. b4 Ba7 14. Be3 Bxe3 15. fxe3 Ng6 16. Qe1 Bxf3 17. Rxf3 Qe7 18. d4 exd4 19. exd4 Rbe8 20. Qxe7 Rxe7 21. g3 Rfe8 22. Kf2 Nf8 23. b5 axb5 24. Bxb5 Rc8 25. Re3 Rxe3 26. Kxe3 c6 27. dxc6 bxc6 28. Bd3 Rc7 29. Rb1 Nd7 30. a6 g6 31. Rb7 Rxb7 32. axb7 Kf8 33. d5 c5 34. Kf4 Ke7 35. h4 Kd8 36. g4 Kc7 37. Bb5 Nf6 38. Bc6 Ng8 39. Be8 Kxb7 40. Bxf7 Ne7 41. g5 h5 42. c4 Kb6 43. Be8 Ka5 44. Bxg6 Nxg6+ 45. Kf5 Nxh4+ 46. Ke6 Ng6 47. Kxd6 h4 48. Kxc5 h3 49. d6 Ne5 50. g6 h2 51. g7 h1Q 52. g8Q Qc6+ 53. Kd4 Qxd6+ 54. Qd5+ Qxd5+ 55. cxd5 Nd7 56. d6 Kb5 1/2-1/2